000 00694nam a22001817a 4500
003 UA-OsUOA
001 13886
007 ta
008 20030623b un ||||| |||| 00| 0 ukr d
100 _aКришиха Т.
942 _cSA
040 _aUA-OsUOA
_cUA-OsUOA
_dUA-OsUOA
245 _aШлях до Гарварду лежить через Острог
_b[Ректор Нац. ун-ту "Острозька академія" І.Пасічник зустрівся з рівнянами у Клубі укр. елітарної молоді]
300 _aС.3
955 _a0
773 0 _w0
_tРівне Експрес
_dРівне
_d2003
_g№24/12 черв./
650 7 _aКлуби
_2UDC
999 _c300047
_d300047